000
00283nam a22001337a 4500
020
_a
978-93-81686-51-1
082
_a
158
_b
KHE/Y
100
_a
KHERA, SHIV
245
_a
YOU CAN SELL
260
_a
CHENNAI
_b
WESTLAND
_c
2012
300
_a
312
650
_a
SELF HELP
_z
INDIA
942
_c
BK
999
_c
8114
_d
8114